| 000 | 00358nam a2200133Ia 4500 | ||
|---|---|---|---|
| 008 | 210716s1989 xx 000 0 und d | ||
| 041 | _aeng | ||
| 082 | _a005.301 BIDH | ||
| 100 | _aBidgoli, Hossein | ||
| 245 | _aWorking with lotus 1-2-3: comprehensive manual. | ||
| 260 |
_aNew Delhi _bJaico Publishing House _c1989 |
||
| 300 | _axxii,396 | ||
| 650 | _aNone | ||
| 999 |
_c181243 _d181243 |
||